000 00647nam a2200193 4500
001 118877
003 ES-MaACL
005 20230906191210.0
007 t|
008 070214s1905 fr r ||||1| fre d
100 1 _aPetty, William.
_991575
245 1 4 _aLes oeuvres economiques de Sir William Petty /
_cWilliam Petty ; traduit de l'anglais par Henry Dussauze, Maurice Pasquier ; avec une preface de Albert Schatz.
260 _aParis :
_bL. Coquemard,
_c1905.
300 _a2 v. ;
_c23 cm.
700 1 _aDussauze, Henry.
_946348
700 1 _aPasquier, Maurice.
_989433
700 1 _aSchatz, Albert.
_9104246
852 _aES-MaACL
_jF-14101-2
999 _c118877
_d118877